|
|
|
|
| LEADER |
01314nam a2200349Ia 4500 |
| 001 |
EBC592633 |
| 003 |
MiAaPQ |
| 005 |
20200520144314.0 |
| 006 |
m o d | |
| 007 |
cr cn||||||||| |
| 008 |
100814s2010 enk sb 000 0 eng d |
| 035 |
|
|
|a (MiAaPQ)EBC592633
|
| 035 |
|
|
|a (Au-PeEL)EBL592633
|
| 035 |
|
|
|a (CaPaEBR)ebr10438085
|
| 035 |
|
|
|a (CaONFJC)MIL286271
|
| 035 |
|
|
|a (OCoLC)694342046
|
| 040 |
|
|
|a MiAaPQ
|c MiAaPQ
|d MiAaPQ
|
| 050 |
|
4 |
|a HD31
|b .C66 2010
|
| 082 |
0 |
4 |
|a 658.4
|2 22
|
| 100 |
1 |
|
|a Cooke, Jamie Lynn.
|
| 245 |
1 |
0 |
|a Agile principles unleashed
|h [electronic resource] :
|b proven approaches for achieving real productivity gains in any organisation /
|c Jamie Lynn Cooke.
|
| 260 |
|
|
|a Ely, U.K. :
|b IT Governance Pub.,
|c 2010.
|
| 300 |
|
|
|a 379 p.
|
| 504 |
|
|
|a Includes bibliographical references.
|
| 533 |
|
|
|a Electronic reproduction. Ann Arbor, MI : ProQuest, 2015. Available via World Wide Web. Access may be limited to ProQuest affiliated libraries.
|
| 650 |
|
0 |
|a Industrial management.
|
| 650 |
|
0 |
|a Organizational effectiveness.
|
| 650 |
|
0 |
|a Business planning.
|
| 650 |
|
0 |
|a Information technology
|x Management.
|
| 655 |
|
4 |
|a Electronic books.
|
| 710 |
2 |
|
|a ProQuest (Firm)
|
| 856 |
4 |
0 |
|u https://ebookcentral.proquest.com/lib/matrademy/detail.action?docID=592633
|z Click to View
|